[Event "First Saturday 2012 may GM"]
[Site "Budapest"]
[Date "2012.05.05"]
[Round "1"]
[White "Manca, Frederico"]
[Black "Wittmann, Walter"]
[Result "1-0"]
[WhiteElo "2424"]
[BlackElo "2276"]
[PlyCount "30"]
[EventDate "2012.05.05"]

1. e4 c5 2. c3 d5 3. exd5 Qxd5 4. d4 Nc6 5. Nf3 Nf6 6. Be3 Ng4 7. Bd3 Nxe3 8.
fxe3 e6 9. O-O Be7 10. Nbd2 O-O 11. Be4 Qd7 12. Nc4 Qc7 13. Nfe5 Nxe5 14. Nxe5
f5 15. Bf3 Bd6 {after 9 move} 1-0

[Event "First Saturday 2012 may GM"]
[Site "Budapest"]
[Date "2012.05.05"]
[Round "1"]
[White "Estrada, Nieto"]
[Black "Battey, Alexander"]
[Result "1-0"]
[WhiteElo "2309"]
[BlackElo "2403"]
[PlyCount "67"]
[EventDate "2012.05.05"]

1. c4 Nf6 2. Nc3 e5 3. Nf3 Nc6 4. g3 Bc5 5. Bg2 d6 6. O-O O-O 7. d3 h6 8. a3 a5
9. e3 Re8 10. b3 Bf5 11. h3 Ba7 12. Bb2 Qd7 13. Kh2 Bh7 14. Ng1 Nd8 15. Nge2 c6
16. e4 b5 17. cxb5 cxb5 18. f4 Ne6 19. b4 Nd4 20. fxe5 dxe5 21. Rxf6 Nxe2 22.
Qxe2 gxf6 23. Nd5 Qd8 24. Rf1 Re6 25. Qg4+ Kf8 26. Bxe5 Rxe5 27. Nxf6 Bg6 28.
Nd7+ Kg8 29. Nxe5 Qg5 30. Qxg5 hxg5 31. Nxg6 fxg6 32. e5 Rf8 33. Rxf8+ Kxf8 34.
bxa5 1-0

[Event "First Saturday 2012 may GM"]
[Site "Budapest"]
[Date "2012.05.05"]
[Round "1"]
[White "Varga, Zoltan"]
[Black "Flumbort, Andras"]
[Result "1/2-1/2"]
[WhiteElo "2451"]
[BlackElo "2503"]
[PlyCount "24"]
[EventDate "2012.05.05"]

1. d4 Nf6 2. c4 e5 3. dxe5 Ng4 4. Bf4 Bc5 5. e3 Nc6 6. Nf3 Qe7 7. Be2 Ngxe5 8.
Nxe5 Nxe5 9. O-O O-O 10. Nc3 d6 11. Nd5 Qd8 12. Rc1 a5 1/2-1/2

[Event "First Saturday 2012 may GM"]
[Site "Budapest"]
[Date "2012.05.06"]
[Round "2"]
[White "Wittmann, Walter"]
[Black "Flumbort, Andras"]
[Result "0-1"]
[WhiteElo "2276"]
[BlackElo "2503"]
[PlyCount "52"]
[EventDate "2012.05.05"]

1. e4 c5 2. Nf3 d6 3. d4 cxd4 4. Nxd4 Nf6 5. Nc3 e6 6. Be3 a6 7. a4 Nc6 8. Be2
Be7 9. O-O O-O 10. Kh1 Qc7 11. f4 Re8 12. Nb3 b6 13. Bf3 Bb7 14. Qd2 Rab8 15.
Qf2 Ba8 16. Rae1 Nd7 17. Be2 Nb4 18. Bd3 Nc5 19. Nxc5 bxc5 20. Bc1 d5 21. exd5
exd5 22. f5 d4 23. Bf4 Bd6 24. Bxd6 Qxd6 25. Nd1 Bd5 26. Re2 Qh6 0-1

[Event "First Saturday 2012 may GM"]
[Site "Budapest"]
[Date "2012.05.06"]
[Round "2"]
[White "Rodrigez, Lopez R"]
[Black "Simonian, Hrair"]
[Result "0-1"]
[WhiteElo "2265"]
[BlackElo "2475"]
[PlyCount "74"]
[EventDate "2012.05.05"]

1. e4 c6 2. d4 d5 3. Nc3 dxe4 4. Nxe4 Bf5 5. Ng3 Bg6 6. h4 h6 7. Nf3 Nd7 8. h5
Bh7 9. Bd3 Bxd3 10. Qxd3 e6 11. Bd2 Ngf6 12. O-O-O Qc7 13. Ne4 O-O-O 14. g3
Nxe4 15. Qxe4 Bd6 16. c4 c5 17. Qe2 cxd4 18. Nxd4 a6 19. Bc3 Nc5 20. b3 Rhe8
21. Kb1 f5 22. Bb2 Ne4 23. Rd3 Bc5 24. Rhd1 Qf7 25. g4 Rd7 26. f3 Nf6 27. a3
fxg4 28. fxg4 Bxd4 29. Rxd4 Rxd4 30. Rxd4 e5 31. Rd6 Qc7 32. Qd1 e4 33. Bxf6
gxf6 34. Rxf6 e3 35. Qe1 Qd8 36. Rf3 Qd3+ 37. Kb2 Qd4+ {after 28 move} 0-1

[Event "First Saturday 2012 may GM"]
[Site "Budapest"]
[Date "2012.05.06"]
[Round "2"]
[White "Horvath, David"]
[Black "Bagi, Mate"]
[Result "1/2-1/2"]
[WhiteElo "2420"]
[BlackElo "2335"]
[PlyCount "84"]
[EventDate "2012.05.05"]

1. c4 Nf6 2. Nc3 d5 3. cxd5 Nxd5 4. g3 e5 5. Bg2 Nb6 6. d3 Nc6 7. Nf3 Be7 8.
O-O O-O 9. a3 Be6 10. Bd2 f5 11. b4 Bf6 12. Rb1 Nd4 13. a4 Nd5 14. Nxd5 Bxd5
15. e4 Nxf3+ 16. Bxf3 fxe4 17. Bxe4 c6 18. Qc2 Qd7 19. Be3 a6 20. Bc5 Rf7 21.
Rfe1 Rd8 22. Rbd1 g6 23. a5 Qg4 24. Bb6 Rdf8 25. Bc5 Rd8 26. Bb6 Rdf8 27. Bxd5
cxd5 28. Bc5 Rd8 29. Re3 Bg7 30. Rde1 Qf5 31. Qe2 h5 32. Kg2 Kh7 33. h3 Qg5 34.
Rf3 Rxf3 35. Qxf3 Qf5 36. Qe2 Rd7 37. f3 Qf7 38. Qf1 Qf5 39. Qe2 Qf7 40. Rf1
Qf5 41. Re1 Qf6 42. Rf1 Bh6 1/2-1/2

-1/2

[Event "First Saturday 2012 may GM"]
[Site "Budapest"]
[Date "2012.05.06"]
[Round "2"]
[White "Manca, Frederico"]
[Black "Arngrimsson, Damur"]
[Result "1/2-1/2"]
[WhiteElo "2424"]
[BlackElo "2381"]
[PlyCount "37"]
[EventDate "2012.05.05"]

1. e4 c5 2. c3 d5 3. exd5 Qxd5 4. d4 Nc6 5. Nf3 Bf5 6. Be3 cxd4 7. Nxd4 Nf6 8.
Nxf5 Qxf5 9. Qa4 a6 10. Na3 e6 11. Bb5 Rc8 12. Bxc6+ Rxc6 13. Nc2 Qe4 14. Qxe4
Nxe4 15. Ke2 Bc5 16. Rhd1 Ke7 17. Bxc5+ Nxc5 18. Rd4 e5 19. Rd5 1/2-1/2

[Event "First Saturday 2012 may GM"]
[Site "Budapest"]
[Date "2012.05.07"]
[Round "3"]
[White "Arngrimsson, Damur"]
[Black "Wittmann, Walter"]
[Result "1/2-1/2"]
[WhiteElo "2381"]
[BlackElo "2276"]
[PlyCount "65"]
[EventDate "2012.05.05"]

1. d4 d5 2. c4 e6 3. Nf3 Nf6 4. Nc3 dxc4 5. e3 a6 6. a4 b6 7. Bxc4 Bb7 8. O-O
Bb4 9. Qe2 Nbd7 10. Rd1 O-O 11. Bd3 Qe7 12. e4 e5 13. d5 Ne8 14. g3 Kh8 15. Nh4
g6 16. Bh6 Rg8 17. Rf1 Bc5 18. Kh1 Bd4 19. Nd1 Nd6 20. Be3 Bxe3 21. Qxe3 Nc5
22. b4 Nxd3 23. Qxd3 Rad8 24. Ne3 c6 25. Nhg2 cxd5 26. Nxd5 Qe6 27. f3 f5 28.
Qc3 Rg7 29. Nde3 fxe4 30. f4 Nf5 31. Rad1 Rd3 32. Qxe5 Qxe5 33. fxe5 {
after 28 move} 1/2-1/2

[Event "First Saturday 2012 may GM"]
[Site "Budapest"]
[Date "2012.05.07"]
[Round "3"]
[White "Bagi, Mate"]
[Black "Manca, Frederico"]
[Result "1/2-1/2"]
[WhiteElo "2335"]
[BlackElo "2424"]
[PlyCount "46"]
[EventDate "2012.05.05"]

1. e4 c6 2. d4 d5 3. Nc3 dxe4 4. Nxe4 Nf6 5. Nxf6+ gxf6 6. c3 h5 7. Bc4 Nd7 8.
Qb3 e6 9. Nf3 Nb6 10. Be2 Qc7 11. c4 c5 12. Be3 Bd7 13. Nd2 cxd4 14. Bxd4 e5
15. Bxb6 Qxb6 16. Qxb6 axb6 17. Bf3 O-O-O 18. Bd5 Bc6 19. Bxc6 bxc6 20. O-O-O
Bh6 21. Kc2 Rhg8 22. g3 Rxd2+ 23. Rxd2 Bxd2 1/2-1/2

[Event "First Saturday 2012 may GM"]
[Site "Budapest"]
[Date "2012.05.07"]
[Round "3"]
[White "Simonian, Hrair"]
[Black "Horvath, David"]
[Result "1/2-1/2"]
[WhiteElo "2475"]
[BlackElo "2420"]
[PlyCount "33"]
[EventDate "2012.05.05"]

1. e4 e6 2. Nc3 d5 3. d4 Nf6 4. Bg5 dxe4 5. Nxe4 Be7 6. Bxf6 gxf6 7. Nc3 a6 8.
Qd3 b5 9. Be2 Bb7 10. Bf3 Nc6 11. O-O-O Nb4 12. Qe3 Nd5 13. Nxd5 Bxd5 14. Ne2
c6 15. Nf4 f5 16. g3 Bg5 17. Kb1 1/2-1/2

[Event "First Saturday 2012 may GM"]
[Site "Budapest"]
[Date "2012.05.07"]
[Round "3"]
[White "Estrada, Nieto"]
[Black "Rodrigez, Lopez R"]
[Result "1-0"]
[WhiteElo "2309"]
[BlackElo "2265"]
[PlyCount "69"]
[EventDate "2012.05.05"]

1. e4 c5 2. Nf3 d6 3. Bb5+ Nd7 4. c3 Ngf6 5. Qe2 a6 6. Ba4 g6 7. O-O Bg7 8. d4
b5 9. Bc2 cxd4 10. cxd4 Nb6 11. Nc3 O-O 12. h3 Bb7 13. a3 Rc8 14. Rd1 Qc7 15.
Bd3 e5 16. dxe5 dxe5 17. Bg5 h6 18. Be3 Nc4 19. Rac1 Nxe3 20. Qxe3 Qe7 21. Bb1
Rfd8 22. Qb6 Rxd1+ 23. Rxd1 Bf8 24. Nxe5 Kg7 25. Nd7 Bxe4 26. Nxf6 Bxb1 27.
Nfd5 Qh4 28. g3 Qxh3 29. Qf6+ Kg8 30. Rxb1 Rc4 31. Re1 Rg4 32. Ne7+ Bxe7 33.
Rxe7 Rxg3+ 34. fxg3 Qxg3+ 35. Kf1 1-0

[Event "First Saturday 2012 may GM"]
[Site "Budapest"]
[Date "2012.05.07"]
[Round "3"]
[White "Varga, Zoltan"]
[Black "Czebe, Attila"]
[Result "1/2-1/2"]
[WhiteElo "2451"]
[BlackElo "2475"]
[PlyCount "29"]
[EventDate "2012.05.05"]

1. e4 e5 2. Nf3 Nc6 3. Bb5 a6 4. Ba4 Nf6 5. d3 b5 6. Bb3 Be7 7. O-O O-O 8. Re1
Bb7 9. c3 d6 10. Nbd2 Na5 11. Bc2 c5 12. Nf1 Qc7 13. Ng3 Rfe8 14. a3 Rac8 15.
Bd2 1/2-1/2

[Event "First Saturday 2012 may GM"]
[Site "Budapest"]
[Date "2012.05.08"]
[Round "4"]
[White "Wittmann, Walter"]
[Black "Battey, Alexander"]
[Result "1-0"]
[WhiteElo "2276"]
[BlackElo "2403"]
[PlyCount "110"]
[EventDate "2012.05.05"]

1. e4 c5 2. Nf3 d6 3. Nc3 Nf6 4. e5 dxe5 5. Nxe5 a6 6. a4 Qc7 7. Nc4 Nc6 8. d3
Nd4 9. Bg5 Be6 10. Ne3 Qe5 11. Bh4 Nf5 12. Bg3 Nxg3 13. hxg3 g6 14. Qf3 O-O-O
15. Qf4 Qd4 16. a5 Nh5 17. Qf3 Qb4 18. Kd2 Bg7 19. Be2 Rd4 20. Rhb1 Nf6 21. Ra4
Ne4+ 22. Kc1 Nxc3 23. Rxb4 Nxe2+ 24. Qxe2 cxb4 25. c3 Rd6 26. cxb4 Rd4 27. b3
Rhd8 28. Kc2 Rxb4 29. Nc4 Bf5 30. Rd1 Bf6 31. Qe3 Rd4 32. Qh6 Be6 33. Qxh7 Kc7
34. Qh6 g5 35. f3 Rb5 36. g4 Rbd5 37. Qh2+ Kc6 38. Qb8 Rb5 39. Qa7 Rd8 40. Rh1
Rxb3 41. Kxb3 Rxd3+ 42. Kc2 Bxc4 43. Qb6+ Kd5 44. Qxb7+ Kd4 45. Qb6+ Kd5 46.
Qd8+ Kc5 47. Qxd3 Bxd3+ 48. Kxd3 Kb4 49. Rh5 Kb3 50. Rh7 Kb4 51. Rxf7 Kxa5 52.
f4 Kb4 53. fxg5 Bxg5 54. Rf5 Bf6 55. g5 Bb2 1-0

[Event "First Saturday 2012 may GM"]
[Site "Budapest"]
[Date "2012.05.08"]
[Round "4"]
[White "Rodrigez, Lopez R"]
[Black "Varga, Zoltan"]
[Result "0-1"]
[WhiteElo "2265"]
[BlackElo "2451"]
[PlyCount "68"]
[EventDate "2012.05.05"]

1. e4 d5 2. exd5 Qxd5 3. Nc3 Qa5 4. d4 Nf6 5. Nf3 Bg4 6. h3 Bh5 7. g4 Bg6 8.
Ne5 e6 9. Nc4 Qa6 10. Ne3 Qb6 11. Bg2 Nc6 12. d5 O-O-O 13. Bd2 exd5 14. Ncxd5
Nxd5 15. Bxd5 Bb4 16. c3 Rhe8 17. O-O Bc5 18. Qf3 Ne5 19. Qg2 Qxb2 20. Rad1 c6
21. Bc1 Qxc3 22. Bd2 Qb2 23. Rc1 Qb6 24. Rc3 Nd3 25. Rb3 Qc7 26. Ba5 Bb6 27.
Bxb6 axb6 28. Bf3 Nf4 29. Qg3 Rd2 30. Nc4 Rd3 31. Nxb6+ Kb8 32. Rxd3 Nxd3 33.
Nd7+ Kc8 34. Nb6+ Qxb6 0-1

[Event "First Saturday 2012 may GM"]
[Site "Budapest"]
[Date "2012.05.08"]
[Round "4"]
[White "Horvath, David"]
[Black "Estrada, Nieto"]
[Result "1/2-1/2"]
[WhiteElo "2420"]
[BlackElo "2309"]
[PlyCount "238"]
[EventDate "2012.05.05"]

1. d4 d5 2. c4 dxc4 3. e4 Nc6 4. Nf3 Bg4 5. d5 Ne5 6. Bf4 Ng6 7. Be3 Nf6 8. Nc3
e5 9. Bxc4 Nh4 10. Rg1 Bd6 11. Qa4+ Bd7 12. Qb3 Ng4 13. Bd2 Bc5 14. Nd1 O-O 15.
h3 Nxf3+ 16. Qxf3 Nf6 17. g4 Ne8 18. Ne3 Nd6 19. Bd3 c6 20. Rc1 Bxe3 21. Qxe3
cxd5 22. exd5 Bb5 23. Bb4 a5 24. Ba3 Re8 25. Kf1 e4 26. Be2 Re5 27. Rc5 Bxe2+
28. Qxe2 b6 29. Rc6 Rxd5 30. Bxd6 Rxd6 31. Rxd6 Qxd6 32. Qxe4 Rd8 33. Rg3 g6
34. Rc3 Qf6 35. Qe3 b5 36. Kg2 b4 37. Rc2 Qd6 38. b3 Qd5+ 39. Kh2 Qd6+ 40. Qg3
Qd5 41. Qe3 Qd6+ 42. Kg2 Qd5+ 43. Qf3 Qe5 44. Re2 Qd6 45. Qb7 Rb8 46. Rd2 Qe5
47. Qd5 Qc7 48. Qd6 Qb7+ 49. Qd5 Qc7 50. Rd4 Re8 51. Rc4 Qb6 52. Rc6 Qa7 53.
Rc5 Ra8 54. Rb5 Qa6 55. Qb7 Kg7 56. Qd5 Rd8 57. Rxa5 Qb6 58. Qb5 Qd4 59. Qe5+
Qxe5 60. Rxe5 Rd2 61. Rb5 Rxa2 62. g5 h6 63. h4 hxg5 64. hxg5 Kf8 65. Kg3 Ke7
66. Rxb4 Rb2 67. Rb8 Ke6 68. Rb6+ Ke5 69. f4+ Ke4 70. Rb7 Rb1 71. Re7+ Kd5 72.
Rxf7 Rxb3+ 73. Kg4 Rb6 74. Re7 Rb1 75. Rd7+ Ke4 76. Re7+ Kd5 77. Rg7 Rb6 78.
Ra7 Rc6 79. Rd7+ Ke6 80. Rd8 Ke7 81. Rd3 Ra6 82. Kf3 Ra5 83. Ke4 Ra4+ 84. Ke3
Ke6 85. Kf3 Rb4 86. Re3+ Kf7 87. Ra3 Rb7 88. Ra5 Kg7 89. Ke4 Re7+ 90. Re5 Ra7
91. Rd5 Re7+ 92. Kd4 Rf7 93. Ke5 Rf5+ 94. Ke4 Rf7 95. Rd6 Rf5 96. Rd7+ Kg8 97.
Rc7 Kh8 98. Rb7 Kg8 99. Rd7 Kh8 100. Rd5 Rf7 101. Ke5 Rf5+ 102. Ke4 Rf7 103.
Re5 Kg7 104. Rc5 Re7+ 105. Kd5 Rf7 106. Rc4 Rf5+ 107. Ke6 Kg8 108. Ke7 Kg7 109.
Re4 Rf7+ 110. Ke6 Rf5 111. Kd7 Kg8 112. Ke7 Kg7 113. Rd4 Rf7+ 114. Ke8 Rf8+
115. Kd7 Rf7+ 116. Kd6 Rf5 117. Re4 Kg8 118. Re8+ Kg7 119. Re7+ Kg8 1/2-1/2

[Event "First Saturday 2012 may GM"]
[Site "Budapest"]
[Date "2012.05.08"]
[Round "4"]
[White "Manca, Frederico"]
[Black "Simonian, Hrair"]
[Result "1/2-1/2"]
[WhiteElo "2424"]
[BlackElo "2475"]
[PlyCount "28"]
[EventDate "2012.05.05"]

1. e4 c6 2. d4 d5 3. Nc3 dxe4 4. Nxe4 Bf5 5. Ng3 Bg6 6. Nf3 Nd7 7. h4 h6 8. h5
Bh7 9. Bd3 Bxd3 10. Qxd3 e6 11. Bf4 Qa5+ 12. Bd2 Qc7 13. O-O-O Ngf6 14. Qe2
O-O-O 1/2-1/2

[Event "First Saturday 2012 may GM"]
[Site "Budapest"]
[Date "2012.05.08"]
[Round "4"]
[White "Arngrimsson, Damur"]
[Black "Bagi, Mate"]
[Result "1-0"]
[WhiteElo "2381"]
[BlackElo "2335"]
[PlyCount "109"]
[EventDate "2012.05.05"]

1. Nf3 Nf6 2. g3 g6 3. Bg2 Bg7 4. O-O O-O 5. d4 d5 6. Ne5 Ng4 7. f4 Nxe5 8.
dxe5 c6 9. e4 dxe4 10. Nc3 Na6 11. Be3 Qxd1 12. Rfxd1 f5 13. exf6 Bxf6 14. Nxe4
Be6 15. c3 Nc7 16. Nc5 Bd5 17. Bf1 b6 18. Nd7 Rfd8 19. Nxf6+ exf6 20. c4 Be4
21. a4 Ne6 22. a5 Rxd1 23. Rxd1 bxa5 24. Rd6 Nf8 25. Rxf6 Rb8 26. Bd4 c5 27.
Bc3 Rb6 28. Kf2 Nd7 29. Rxb6 axb6 30. Ke3 Bc6 31. Bh3 Kf7 32. f5 a4 33. fxg6+
hxg6 34. Kf4 b5 35. cxb5 Bxb5 36. Bg2 Bc4 37. Bc6 Nf6 38. Bxa4 Bd3 39. Bxf6
Kxf6 40. h4 Bb1 41. Bc6 Ba2 42. Be4 Bb3 43. g4 Bf7 44. Bd3 Be8 45. Bc4 g5+ 46.
hxg5+ Kg6 47. Bd3+ Kg7 48. Ke5 Bf7 49. Kd6 c4 50. Bf5 Be8 51. Kc5 Bf7 52. g6
Bg8 53. g5 Kf8 54. Kd6 Kg7 55. Be4 1-0

[Event "First Saturday 2012 may GM"]
[Site "Budapest"]
[Date "2012.05.09"]
[Round "5"]
[White "Estrada, Nieto"]
[Black "Manca, Frederico"]
[Result "1/2-1/2"]
[WhiteElo "2309"]
[BlackElo "2424"]
[PlyCount "71"]
[EventDate "2012.05.05"]

1. e4 c6 2. d4 d5 3. Nc3 dxe4 4. Nxe4 Nf6 5. Nxf6+ gxf6 6. c3 h5 7. Bc4 Nd7 8.
Qb3 e6 9. Nf3 Nb6 10. Be2 Qc7 11. O-O Rg8 12. c4 e5 13. Re1 e4 14. Bd1 f5 15.
Ne5 Be6 16. Bf4 O-O-O 17. Qe3 f6 18. Ng6 Qg7 19. Nh4 Nxc4 20. Qc3 Bd6 21. Bxd6
Nxd6 22. g3 f4 23. Bb3 Bxb3 24. axb3 Nb5 25. Qc5 Rd5 26. Nf5 Rxc5 27. Nxg7 Nxd4
28. Rxe4 Nxb3 29. Ne6 Rc2 30. Rxa7 f3 31. Re1 Kb8 32. Ra3 Rxb2 33. Nf4 h4 34.
Nd3 Re2 35. Rxb3 hxg3 36. hxg3 {after 24 move} 1/2-1/2

[Event "First Saturday 2012 may GM"]
[Site "Budapest"]
[Date "2012.05.09"]
[Round "5"]
[White "Varga, Zoltan"]
[Black "Horvath, David"]
[Result "1-0"]
[WhiteElo "2451"]
[BlackElo "2420"]
[PlyCount "111"]
[EventDate "2012.05.05"]

1. c4 Nf6 2. Nc3 e6 3. e4 d5 4. cxd5 exd5 5. e5 d4 6. exf6 dxc3 7. Qe2+ Be6 8.
dxc3 Qxf6 9. Qb5+ Nd7 10. Qxb7 Qe5+ 11. Ne2 Rb8 12. Qf3 Bd6 13. Bf4 Qb5 14. b3
Ne5 15. Bxe5 Qxe5 16. Qe3 Qf6 17. Nd4 O-O 18. Nxe6 Bf4 19. Nxf4 Rfe8 20. Kd2
Rbd8+ 21. Kc2 Rxe3 22. fxe3 g5 23. Nd3 c5 24. Be2 c4 25. bxc4 Qc6 26. Bf3 Qa4+
27. Kd2 Qxc4 28. Be2 Qe4 29. Rhf1 Qxg2 30. h4 h6 31. hxg5 hxg5 32. Rf5 Rd7 33.
Raf1 Kg7 34. a4 Kf8 35. R5f3 Qh2 {after 21 move} 36. Rb1 g4 37. Rf4 g3 38. Rb8+
Ke7 39. Rg8 f5 40. Rf3 Rxd3+ 41. Kxd3 Qh7 42. Rg5 f4+ 43. Kd2 Kf6 44. Rgxg3 a5
45. Rxf4+ Ke5 46. Rg5+ Kd6 47. Rxa5 Qg8 48. Rd4+ Kc7 49. Rc5+ Kb6 50. Rb5+ Kc6
51. Bf3+ Kc7 52. Rb7+ Kc8 53. Rf4 Qa2+ 54. Kd3 Qa3 55. Rc4+ Kd8 56. Bg4 1-0

[Event "First Saturday 2012 may GM"]
[Site "Budapest"]
[Date "2012.05.09"]
[Round "5"]
[White "Flumbort, Andras"]
[Black "Rodrigez, Lopez R"]
[Result "1-0"]
[WhiteElo "2503"]
[BlackElo "2265"]
[PlyCount "99"]
[EventDate "2012.05.05"]

1. Nf3 c5 2. c4 Nf6 3. g3 Nc6 4. Nc3 d5 5. cxd5 Nxd5 6. Bg2 g6 7. Qb3 e6 8. O-O
Bg7 9. d3 O-O 10. Bg5 Qd7 11. Rfc1 h6 12. Bd2 b6 13. Qa4 Bb7 14. a3 Rfd8 15.
Rab1 Rac8 16. Nxd5 exd5 17. b4 Qe7 18. e3 Ba8 19. bxc5 bxc5 20. Rb5 Ne5 21.
Nxe5 Bxe5 22. Ra5 Rc7 23. Ra6 Rd6 24. Rb1 Rxa6 25. Qxa6 Rb7 26. Rc1 Rb8 27. h4
Kg7 28. Qa5 Rb3 29. Qxc5 Qxc5 30. Rxc5 Rxd3 31. Bb4 Bd6 32. Ra5 Rd1+ 33. Kh2
Bxb4 34. axb4 Rd2 35. b5 Bb7 36. Rxa7 Bc8 37. b6 Be6 38. b7 Rb2 39. Bh3 Bxh3
40. Kxh3 Kf6 41. g4 Rb3 42. Kg2 h5 43. g5+ Kf5 44. b8=Q Rxb8 45. Rxf7+ Ke5 46.
Rf6 Rg8 47. Kg3 Rg7 48. f4+ Ke4 49. Re6+ Kd3 50. f5 1-0

[Event "First Saturday 2012 may GM"]
[Site "Budapest"]
[Date "2012.05.10"]
[Round "6"]
[White "Wittmann, Walter"]
[Black "Czebe, Attila"]
[Result "0-1"]
[WhiteElo "2276"]
[BlackElo "2475"]
[PlyCount "66"]
[EventDate "2012.05.05"]

1. e4 c5 2. Nf3 Nc6 3. d4 cxd4 4. Nxd4 Nf6 5. Nc3 e6 6. Ndb5 Bc5 7. Nd6+ Ke7 8.
Bf4 e5 9. Nf5+ Kf8 10. Bg5 Bb4 11. Bc4 d5 12. Bxd5 Bxf5 13. Bxc6 Bxc3+ 14. bxc3
Qxd1+ 15. Kxd1 Bxe4 16. Bxf6 Bxc6 17. Bxe5 f6 18. Bd4 Bxg2 19. Rg1 Bd5 20. a4
Kf7 21. a5 a6 22. Kd2 Rhe8 23. Rge1 Rxe1 24. Rxe1 Rd8 25. Kd3 Rc8 26. Rb1 Bc4+
27. Kd2 Bb5 28. Re1 Rd8 29. Ke3 Rd5 30. Kf4 Rh5 31. Kg3 Rg5+ 32. Kh4 Bd7 33. h3
Rxa5 0-1

[Event "First Saturday 2012 may GM"]
[Site "Budapest"]
[Date "2012.05.10"]
[Round "6"]
[White "Rodrigez, Lopez R"]
[Black "Battey, Alexander"]
[Result "1/2-1/2"]
[WhiteElo "2265"]
[BlackElo "2403"]
[PlyCount "38"]
[EventDate "2012.05.05"]

1. e4 g6 2. d4 Bg7 3. Nf3 d6 4. c3 Nf6 5. Bd3 O-O 6. O-O Nc6 7. d5 Ne5 8. Nxe5
dxe5 9. c4 Nh5 10. g3 e6 11. Be2 Nf6 12. Nc3 exd5 13. cxd5 a6 14. a4 Ne8 15.
Be3 Nd6 16. f3 f5 17. Bf2 Bh6 18. a5 Rf6 19. Bc5 Bd7 1/2-1/2

[Event "First Saturday 2012 may GM"]
[Site "Budapest"]
[Date "2012.05.10"]
[Round "6"]
[White "Horvath, David"]
[Black "Flumbort, Andras"]
[Result "1/2-1/2"]
[WhiteElo "2420"]
[BlackElo "2503"]
[PlyCount "47"]
[EventDate "2012.05.05"]

1. d4 Nf6 2. c4 g6 3. Nc3 d5 4. cxd5 Nxd5 5. Bd2 Bg7 6. e4 Nb6 7. Be3 O-O 8. h3
e5 9. dxe5 Bxe5 10. Nf3 Bg7 11. Be2 Be6 12. Qc2 N8d7 13. Nb5 c6 14. Nbd4 Qe7
15. O-O Rfe8 16. Rfd1 Qc5 17. Rac1 Qxc2 18. Rxc2 Nf6 19. Nxe6 Rxe6 20. Ng5 Re7
21. Bc5 Rd7 22. e5 Rxd1+ 23. Bxd1 Nfd7 24. e6 1/2-1/2

[Event "First Saturday 2012 may GM"]
[Site "Budapest"]
[Date "2012.05.10"]
[Round "6"]
[White "Arngrimsson, Damur"]
[Black "Estrada, Nieto"]
[Result "1-0"]
[WhiteElo "2381"]
[BlackElo "2309"]
[PlyCount "71"]
[EventDate "2012.05.05"]

1. Nf3 d5 2. g3 Bg4 3. Bg2 Nd7 4. d4 c6 5. O-O Bxf3 6. Bxf3 Ngf6 7. c4 e6 8.
Nc3 Bd6 9. e4 dxe4 10. Nxe4 Nxe4 11. Bxe4 Nf6 12. Bg2 O-O 13. Qe2 Re8 14. f4
Bc7 15. Be3 Bb6 16. Rad1 Qe7 17. Kh1 Rad8 18. g4 h6 19. g5 hxg5 20. fxg5 Nh7
21. Qh5 e5 22. Rxf7 Nf6 23. Rxe7 Nxh5 24. Rxe8+ Rxe8 25. c5 exd4 26. Bxd4 Bd8
27. Bf3 {after 9 move} 27... Nf4 28. h4 Ne6 29. Bf2 Rf8 30. Bg4 Nf4 31. Rd7 Ng6
32. Bd4 Ne7 33. g6 b6 34. h5 bxc5 35. Bxc5 Re8 36. Be6+ 1-0

[Event "First Saturday 2012 may GM"]
[Site "Budapest"]
[Date "2012.05.10"]
[Round "6"]
[White "Bagi, Mate"]
[Black "Simonian, Hrair"]
[Result "1/2-1/2"]
[WhiteElo "2335"]
[BlackElo "2475"]
[PlyCount "34"]
[EventDate "2012.05.05"]

1. e4 c6 2. d4 d5 3. Nc3 dxe4 4. Nxe4 Bf5 5. Ng3 Bg6 6. h4 h6 7. Nf3 Nd7 8. h5
Bh7 9. Bd3 Bxd3 10. Qxd3 e6 11. Bd2 Ngf6 12. O-O-O Qc7 13. Ne4 O-O-O 14. g3
Nxe4 15. Qxe4 Bd6 16. c4 c5 17. Bc3 Rhe8 1/2-1/2

[Event "First Saturday 2012 may GM"]
[Site "Budapest"]
[Date "2012.05.11"]
[Round "7"]
[White "Estrada, Nieto"]
[Black "Bagi, Mate"]
[Result "0-1"]
[WhiteElo "2309"]
[BlackElo "2335"]
[PlyCount "86"]
[EventDate "2012.05.05"]

1. e4 e5 2. Nf3 Nc6 3. Bb5 a6 4. Ba4 Nf6 5. O-O Be7 6. Re1 b5 7. Bb3 d6 8. c3
O-O 9. h3 Na5 10. Bc2 c5 11. d4 Nd7 12. Nbd2 exd4 13. cxd4 Nc6 14. d5 Nce5 15.
Nxe5 Nxe5 16. a4 Rb8 17. axb5 axb5 18. f4 Ng6 19. Nf3 Bh4 20. Rf1 Bg3 21. f5
Ne5 22. Ng5 Nd7 23. e5 Bxe5 24. Nxh7 Nf6 25. Nxf8 Kxf8 26. Ra2 Bb7 27. Bg5 Bd4+
28. Kh1 Bxd5 29. b3 Ra8 30. Bxf6 Qxf6 31. Rxa8+ Bxa8 32. Qg4 Be5 33. Bd3 Bc6
34. Re1 Kg8 35. Be4 d5 36. Bf3 Bc7 37. Kg1 c4 38. bxc4 bxc4 39. Rb1 c3 40. Rc1
Qe5 41. Kf1 Bb5+ 42. Be2 Bxe2+ 43. Qxe2 Qf4+ 0-1

[Event "First Saturday 2012 may GM"]
[Site "Budapest"]
[Date "2012.05.11"]
[Round "7"]
[White "Varga, Zoltan"]
[Black "Arngrimsson, Damur"]
[Result "1/2-1/2"]
[WhiteElo "2451"]
[BlackElo "2381"]
[PlyCount "25"]
[EventDate "2012.05.05"]

1. d4 d5 2. c4 c6 3. Nc3 dxc4 4. e4 b5 5. a4 b4 6. Nce2 Ba6 7. Nf3 Nf6 8. Ng3
e6 9. Qc2 b3 10. Qc3 Bd6 11. Bxc4 Bxg3 12. hxg3 Nxe4 13. Qxb3 1/2-1/2

[Event "First Saturday 2012 may GM"]
[Site "Budapest"]
[Date "2012.05.11"]
[Round "7"]
[White "Czebe, Attila"]
[Black "Rodrigez, Lopez R"]
[Result "1-0"]
[WhiteElo "2475"]
[BlackElo "2265"]
[PlyCount "61"]
[EventDate "2012.05.05"]

1. e4 c5 2. Nf3 d6 3. d4 cxd4 4. Nxd4 Nf6 5. f3 e5 6. Nb3 a5 7. Bb5+ Nc6 8. Nc3
Be7 9. Be3 O-O 10. Qd2 Be6 11. Rd1 Qc7 12. O-O Na7 13. Bd3 Rfd8 14. Qf2 Nc8 15.
a4 d5 16. exd5 Nxd5 17. Nxd5 Rxd5 18. Nd2 Bc5 19. Bxc5 Qxc5 20. Qxc5 Rxc5 21.
Ne4 Rc7 22. Ng5 Nb6 23. Bxh7+ Kh8 24. b3 g6 25. Nxe6 Rxc2 26. Ng5 Rc7 27. f4 f6
28. Ne4 exf4 29. Rxf4 Rc6 30. Nxf6 Rf8 31. Bxg6 1-0

[Event "First Saturday 2012 may GM"]
[Site "Budapest"]
[Date "2012.05.12"]
[Round "8"]
[White "Wittmann, Walter"]
[Black "Rodrigez, Lopez R"]
[Result "1/2-1/2"]
[WhiteElo "2276"]
[BlackElo "2265"]
[PlyCount "36"]
[EventDate "2012.05.05"]

1. e4 c5 2. Nf3 d6 3. Nc3 Nf6 4. e5 dxe5 5. Nxe5 a6 6. a3 Qc7 7. d4 cxd4 8.
Qxd4 Nc6 9. Nxc6 Qxc6 10. Bg5 h6 11. Bxf6 exf6 12. O-O-O Be6 13. Ne4 Rc8 14. c3
Be7 15. Nd6+ Bxd6 16. Qxd6 Qxd6 17. Rxd6 Rc7 18. Rb6 Ke7 {after 42 move}
1/2-1/2

[Event "First Saturday 2012 may GM"]
[Site "Budapest"]
[Date "2012.05.12"]
[Round "8"]
[White "Horvath, David"]
[Black "Czebe, Attila"]
[Result "1/2-1/2"]
[WhiteElo "2420"]
[BlackElo "2475"]
[PlyCount "31"]
[EventDate "2012.05.05"]

1. d4 d6 2. Nf3 g6 3. c4 Bg7 4. Nc3 Bg4 5. e4 Nc6 6. d5 Nd4 7. Be2 Bxf3 8. Bxf3
e5 9. O-O Nf6 10. Be3 Nd7 11. Be2 O-O 12. Rb1 a6 13. a3 Rb8 14. Bd3 b5 15. cxb5
Nxb5 16. a4 1/2-1/2

[Event "First Saturday 2012 may GM"]
[Site "Budapest"]
[Date "2012.05.12"]
[Round "8"]
[White "Manca, Frederico"]
[Black "Battey, Alexander"]
[Result "1/2-1/2"]
[WhiteElo "2424"]
[BlackElo "2403"]
[PlyCount "51"]
[EventDate "2012.05.05"]

1. e4 c5 2. c3 d5 3. exd5 Qxd5 4. Nf3 Nf6 5. d4 e6 6. Na3 Qd8 7. Nc2 Nbd7 8.
Bd3 Qc7 9. O-O b6 10. c4 Bd6 11. b3 O-O 12. Re1 Bb7 13. h3 Rad8 14. Bb2 cxd4
15. Nfxd4 Nc5 16. Bf1 Bh2+ 17. Kh1 Nce4 18. Re2 Ng5 19. Qd3 e5 20. Kxh2 exd4+
21. Kg1 Be4 22. Rxe4 Ngxe4 23. Bxd4 Qf4 24. g3 Qf5 25. Bg2 Rfe8 26. Re1 1/2-1/2